000 00804cam a2200241 a 4500
001 000018401
005 20200929165507.0
008 780306s1941 sp b 000 p spa d
040 _aDO-SdBNP
_bspa
_cBNPHU
082 _a861.3
_bV422po
100 1 _aVega, Lope de,
_d1562-1635
_93084
245 1 0 _aPoesías líricas /
_cLope de Vega.
260 _aMadrid :
_bEspasa-Calpe,
_c1941.
300 _av. ;
_c20 cm.
490 _aClásicos castellanos
_v68, 75
500 _aLa biblioteca posse el volumen 1 y 2.
505 0 _gv.1.
_tPrimeros romances. Letras para cantar. Sonetos --
_gv.2.
_tCanciones. Epístolas. Romances. Poemas diversos.
650 4 _aPoesía lírica
_93066
650 4 _aLiteratura española
_9632
830 0 _aClásicos castellanos ;
_v68, 75
_94180
910 _aWM
049 _aBNGR
999 _c17922
_d17922